00428nam a2200157Ia 4500008004100000020001500041082001600056100002200072245003000094250000800124260004600132300003100178500001900209600002700228650001500255240925s9999 xx 000 0 und d a8120309685 a629.832 KUO aKuo, Benjamin C. 0aAutomatic Control Systems a7th aNew Delhi:bPearson Printice Hallc,2003. aviii,743p.bN.afPhotocopy aIncludes Index aEngineering Technology aTechnology